El paso de la vaca y otros relatos

Guardat en:
Dades bibliogràfiques
Autor principal: Baudrit González, Fabio 1875-1954
Format: Llibre
Idioma:Undetermined
Publicat: San José, Costa Rica Editorial Costa Rica 1977
Matèries:
Etiquetes: Afegir etiqueta
Sense etiquetes, Sigues el primer a etiquetar aquest registre!

MARC

LEADER 00000nam a2200000Ia 4500
008 170316s9999 xx 000 0 und d
040 |a cru BVZT 
090 |a 868 B-2p 
100 |a Baudrit González, Fabio  |9 495  |d 1875-1954 
245 |a El paso de la vaca y otros relatos  |c / Fabio Baudrit  
260 |a San José, Costa Rica  |b Editorial Costa Rica  |c 1977 
300 |a 286 páginas 
650 |a LITERATURA COSTARRICENSE  |9 17 
999 |c 10751  |d 10751 
942 |c 15 D  |h 868 B-2p  |2 z